Geographic Features by Time Zone - Statistics

General Stats
  • This quiz has been taken 19 times
  • The average score is 13 of 39
Answer Stats
Time Hint Landform % Correct
-2:00 World's largest island (in this time zone except in a few locations) Greenland
82%
+5:45 Highest mountain in the world, known as Sagarmatha and Chomolungma Mount Everest
82%
+2:00 Waterfall on border of Zambia and Zimbabwe Victoria Falls
76%
+9:00 Highest volume freshwater lake in the world, in Irkutsk Oblast and Buryat Republic Lake Baikal
71%
+1:00 Distinctly shaped Swiss mountain Matterhorn
71%
-7:00 On-time geyser in Yellowstone National Park Old Faithful
71%
+7:00 Island across the Strait of Malacca from the Malay Peninsula; Medan is biggest city Sumatra
71%
-4:30 World's highest waterfall, located in Venezuela Angel Falls
65%
+11:00 Most northerly Japanese island with cities like Sapporo and Asahikawa Hokkaido
65%
+9:30 Sandstone rock formation in Australia's Northern Territory also called Ayers Rock Uluru
65%
-3:00 Huge waterfall on border of Paraná, Brazil and Misiones, Argentina Iguazu Falls
59%
+5:00 Rapidly depleting lake on Uzbek/Kazakh border Aral Sea
53%
+12:00 Island almost on Equator; world's smallest republic; depleted phosphate reserves Nauru
53%
+4:30 Mountain pass connecting Afghanistan and Pakistan, in the Spin Ghar Mountains Khyber Pass
47%
-8:00 Lake on the border of California and Nevada Lake Tahoe
41%
-6:00 Active volcano 43 miles southeast of Mexico City Popocatépetl
35%
-9:00 Northernmost point in the United States Point Barrow
29%
+5:30 "Eastern" and "Western" mountain ranges flanking India's seashores Ghats
24%
-4:00 In Bolivia's Potosí and Oruro departments, the world's largest salt pan Salar de Uyuni
24%
-5:00 Ecuadorian volcano whose summit is the farthest point from the Earth's center Chimborazo
18%
+11:30 Australian territory with capital Kingston Norfolk Island
18%
+4:00 Archipelago east of Barents Sea, west of Kala Sea; Severny and Yuzhny Islands Novaya Zemlya
18%
+3:00 "Empty Quarter" in Saudi Arabia: the largest sand desert in the world Rub' al Khali
18%
+3:30 Mountain range encompassing most of western Iran Zagros
18%
-12:00 Island Amelia Earhart was searching for, but disappeared Howland Island
12%
-10:00 Volcano continually erupting since 1983 Kīlauea
12%
GMT The largest reservoir by surface in the world, located in Ghana Lake Volta
12%
+10:00 Largest island in the Bismarck Archipelago of Papua New Guinea New Britain
12%
+6:00 Largest single block of tidal halophytic mangrove forests in the world; Bangladesh Sundarbans
12%
+12:45 New Zealand archipelago territory called Rekohu in the indigenous Moriori Chatham Islands
6%
-3:30 National Park in western coastal Newfoundland Gros Morne
6%
+6:30 Myanmar's largest river, with Mandalay lying at its banks Irrawaddy River
6%
-1:00 Highest mountain in Cape Verde, with the same name as the island Pico de Fogo
6%
+13:00 Main island of the Kingdom of Tonga, where the capital, Nuku'alofa, is located Tongatapu
6%
+8:00 Lowest, hottest, driest place in all of China Turpan Depression
6%
-9:30 Island in the Marquesas with coral reef on top of mountain Fatu Huku
0%
+14:00 I-Kiribati and American chain of eleven atolls in central Pacific, stretching 2,300 miles Line Islands
0%
+10:30 Crescent-shaped volcanic remnant island 370 miles directly east of Port Macquarie Lord Howe Island
0%
-11:00 Active submerged volcano, 28 miles east of Ta'u Vailulu'u Seamount
0%
No matching quizzes found
Score Distribution
Percent of People with Each Score
Percentile by Number Answered
Your Score History
You have not taken this quiz